Statistics for Translate French Words

Click here to take the quiz!

General Stats

  • This quiz has been taken 515 times
  • The average score is 11 of 15

Answer Stats

FrenchEnglish% Correct
orangeorange
99%
rougered
98%
vousyou
96%
bonjourhello
95%
maisonhouse
95%
fillegirl
88%
voiturecar
84%
ruestreet
80%
vetementsclothes
73%
viandemeat
68%
tanteaunt
67%
pressepress
56%
manteaucoat
45%
patespasta
44%
neveunephew
36%

Score Distribution

Percentile by Number Answered

Percent of People with Each Score

Your Score History

You have not taken this quiz